Szczegóły MARC21

Almanach harcerski /

003 -Nazwa inst., której nr kontr. jest w polu 001 [,]
    • @
    • Nazwa instytucji, której n kontrolny jest w polu 001
    • NUKAT
005 -DATA I CZAS OSTATNIEJ MODYFIKACJI [,]
    • @
    • pole kontrolne
    • 20241231112700.0
020 -Międzynarod. znormalizowany nr książki - ISBN [ , ]
    • a
    • Numer ISBN
    • 8387202185 Find
040 -Instytucja sporządzająca opis [ , ]
    • a
    • Instytucja, która sporządziła opis (NP)
    • BSTOK 010/TCh
    • c
    • Instytucja, która sporządziła rekord (NP)
    • BSTOK 010/TChs
942 -Rodzaj dokumentu [ , ]
    • c
    • Rodzaj dokumentu
    • Książka
100 -Hasło główne - nazwa osobowa [1, ]
    • a
    • Nazwa osobowa (NP)
    • Miecznikowski, Stefan
    • d
    • Daty biograficzne (NP)
    • (1921-2004).
    • 9
    • KHW
    • 244321
245 -Strefa tytułu i oznaczenia odpowiedzialności [1,0]
    • a
    • Tytuł
    • Almanach harcerski / Find
    • c
    • Pozostałe elementy strefy tytułu i oznaczenia odpowiedzialności (NP)
    • Stefan Miecznikowski.
260 -Strefa adresu wydawniczego [ , ]
    • a
    • Miejsce wydania (P)
    • Łódź :
    • b
    • Nazwa wydawcy (P)
    • Akademickie Centrum Graficzno-Marketingowe "Lodart" S. A.,
    • c
    • Data wydania (P)
    • 1999.
300 -Strefa opisu fizycznego [ , ]
    • a
    • Określenie formy książki i/lub objętość (NP)
    • 209 s., [14] s. tabl. :
    • b
    • Oznaczenie ilustracji (NP)
    • il. ;
    • c
    • Format (NP)
    • 21 cm.
336 -Typ zawartości [ , ]
    • a
    • Termin opisujący typ zawartości
    • Tekst
    • b
    • Kod określający zawartość
    • txt
    • 2
    • Źródło (terminu i kodu)
    • rdacontent
337 -Typ mediów [ , ]
    • a
    • Tryb odtwarzania
    • Bez urządzenia pośredniczącego
    • b
    • Kod typu mediów
    • n
    • 2
    • Źródło (terminu i kodu)
    • rdamedia
338 -Typ/rodzaj nośnika [ , ]
    • a
    • Hasło opisujące typ nośnika
    • Wolumin
    • b
    • Kod typu nośnika
    • nc
    • 2
    • Źródło (terminu i kodu)
    • rdacarrier
380 -Deskryptor - Forma dzieła (P) [ , ]
    • a
    • forma dzieła (NP)
    • Książki
504 -Uwaga dot. bibliogr. załącznikowej [ , ]
    • a
    • Uwaga dot. bibliografii załącznikowej
    • Bibliogr. s. 205.
080 -Uniwersalna Klasyfikacja Dziesiętna [ , ]
    • a
    • Symbol klasyfikacji
    • 243
    • 9
    • UKD
    • 2537
    • 2
    • Identyfikator wydania tablic
    • UDC-P058
    • b
    • Dopowiedzenie
    • Lamaizm. Buddyzm tybetański.
080 -Uniwersalna Klasyfikacja Dziesiętna [ , ]
    • a
    • Symbol klasyfikacji
    • +884-1(082.2)
080 -Uniwersalna Klasyfikacja Dziesiętna [ , ]
    • a
    • Symbol klasyfikacji
    • :784.089
080 -Uniwersalna Klasyfikacja Dziesiętna [ , ]
    • a
    • Symbol klasyfikacji
    • +329.78(438)ZHP
650 -Hasło przedmiotowe [ ,7]
    • a
    • Hasło przedmiotowe
    • Harcerstwo
    • 2
    • Źródło terminu
    • DBN
    • 9
    • KHW
    • 722940
650 -Hasło przedmiotowe [ ,7]
    • a
    • Hasło przedmiotowe
    • Katolicyzm
    • 2
    • Źródło terminu
    • DBN
    • 9
    • KHW
    • 722710
655 -Hasło w funkcji tematu formalnego [ ,7]
    • a
    • Hasło
    • Melodia z tekstem podłożonym
    • 2
    • Źródło terminu
    • DBN
    • 9
    • KHW
    • 735931
655 -Hasło w funkcji tematu formalnego [ ,7]
    • a
    • Hasło
    • Modlitewnik
    • 2
    • Źródło terminu
    • DBN
    • 9
    • KHW
    • 735935
655 -Hasło w funkcji tematu formalnego [ ,7]
    • a
    • Hasło
    • Pieśń i piosenka harcerska
    • 2
    • Źródło terminu
    • DBN
    • 9
    • KHW
    • 735933
655 -Hasło w funkcji tematu formalnego [ ,7]
    • a
    • Hasło
    • Wydawnictwa popularne
    • 2
    • Źródło terminu
    • DBN
    • 9
    • KHW
    • 724034
658 -Ujęcie treści [ , ]
    • a
    • dziedzina nauki i sztuki/ sfera aktywności życiowej
    • Religia i duchowość
980 -Symbol UKD [ , ]
    • a
    • UKD
    • 243+884-1(082.2):784.089+329.78(438)ZHP
710 -Hasło dodatkowe - nazwa ciała zbiorowego [2, ]
    • a
    • Nazwa ciała zbiorowego lub nazwa geograficzna jako pierwszy element (NP)
    • Akademickie Centrum Graficzno-Marketingowe LodArt.
    • 4
    • Kod relacji
    • pbl
    • 9
    • KHW
    • 596102
920 -ISBN [ , ]
    • a
    • ISBN
    • 83-87202-18-5 Find
Status udost. Numer inwentarzowy Data inwentaryzacji Lokalizacja
1JK.872002-11-15BG